|
|
|
|
| LEADER |
01284cam a2200325 a 4500 |
| 001 |
c000214708 |
| 003 |
CARM |
| 005 |
20041114184717.0 |
| 008 |
890724s1990 nyua bf 001 0 eng |
| 010 |
|
|
|a 89038192
|
| 019 |
1 |
|
|a 9546594
|z 53475407
|z 6640199
|5 LACONCORD2021
|
| 020 |
|
|
|a 0471510246
|
| 035 |
|
|
|a (OCoLC)20219837
|5 LACONCORD2021
|
| 040 |
|
|
|a LC
|b eng
|c LC
|d NU
|
| 050 |
|
0 |
|a HG4028.V3
|b C67 1990
|
| 050 |
0 |
0 |
|a HG4028.V3
|b C67 1990
|
| 082 |
0 |
0 |
|a 658.15
|2 20
|
| 100 |
1 |
|
|a Copeland, Thomas E.,
|d 1946-
|
| 245 |
1 |
0 |
|a Valuation :
|b measuring and managing the value of companies /
|c Tom Copeland, Tim Koller, Jack Murrin.
|
| 260 |
|
|
|a New York :
|b Wiley,
|c c1990.
|
| 300 |
|
|
|a xviii, 428 p. :
|b ill. ;
|c 24 cm.
|
| 490 |
1 |
|
|a Wiley professional banking and finance series,
|x 0733-8945.
|
| 504 |
|
|
|a Includes bibliographical references (p. 411-413) and index.
|
| 650 |
|
0 |
|a Corporations
|x Valuation
|x Handbooks, manuals, etc.
|
| 700 |
1 |
|
|a Koller, Tim.
|
| 700 |
1 |
|
|a Murrin, Jack.
|
| 830 |
|
0 |
|a Wiley professional banking and finance series.
|
| 852 |
8 |
|
|b CARM
|h A2:AM21B0
|i B05817
|p 0253738
|f BK
|
| 999 |
f |
f |
|i fe09db60-0d82-59df-a361-c8aa601cc4d8
|s e1b94376-6d81-5a72-813f-7435f0094557
|
| 952 |
f |
f |
|p Can circulate
|a CAVAL
|b CAVAL
|c CAVAL
|d CARM 1 Store
|e B05817
|f A2:AM21B0
|h Other scheme
|i book
|m 0253738
|